Statistics for UEFA Europa League Top Scorers 2018/19

Click here to take the quiz!

General Stats

  • This quiz has been taken 43 times
  • The average score is 8 of 20

Answer Stats

Club#MPGPlayer% Correct
Chelsea11102Olivier Giroud
98%
Arsenal8117Pierre-Emerick Aubameyang
93%
Arsenal5130Alexandre Lacazette
85%
Eintracht Frankfurt1095Luka Jović
83%
Sevilla878Wissam Ben Yedder
65%
Eintracht Frankfurt5155Sébastien Haller
55%
Chelsea5189Pedro
53%
Red Bull Salzburg8107Munas Dabbur
38%
AC Milan482Patrick Cutrone
35%
Eintracht Frankfurt4259Filip Kostić
30%
Real Betis5112Giovani Lo Celso
25%
Chelsea4179Ruben Loftus-Cheek
25%
Red Bull Salzburg499Takumi Minamino
23%
Stade Rennais4184Ismaila Sarr
18%
Chelsea4104Callum Hudson-Odoi
15%
Bayer Leverkusen4104Lucas Alario
13%
Villarreal4178Gerard Moreno
13%
Sevilla4179Éver Banega
13%
Red Bull Salzburg586Fredrik Gulbrandsen
8%
Apollon Limassol453Emilio Jose Zelaya
8%

Score Distribution

Percentile by Number Answered

Percent of People with Each Score

Your Score History

You have not taken this quiz